000 00727nam a22002057a 4500
005 20230109114929.0
008 230109b ||||| |||| 00| 0 eng d
040 _cAL
041 _aeng
082 _223
_a657.48
_bBOAF
100 _aBoard of Studies The Institute of Chartered Accountants of India
_968982
245 _aFoundation course study material Paper I:
_bFundamentals of accounting
260 _aNew Delhi
_bThe Institue of Chartered Accountants of India
_c?
300 _aviii,544p.
_bPB
_c23x18cm.
365 _2Commerce
650 _aCapital Expenditure
_968983
650 _aPartnership Accounts
_968984
700 _aBOARD OF STUDIES THE INSTITUTE OF CHARTERED ACCOUNTANTS OF INDIA
_968985
942 _2ddc
_cDB
999 _c226342
_d226342